000 00637nam a2200193Ia 4500
003 IN-BaIIA
008 211028s9999 xx 000 0 eng d
040 _cIIA Library
080 _a083.7:001.4:669.71
_bISI
110 _aIndian Standards Institution
245 0 _aIndian standard glossary of terms for aluminium and aluminium alloys
_bpt. 1, unwrought and wrought metals
_cIndian Standards Institution
260 _aNew Delhi
_bIndian Standards Institution
_c1969
300 _a5p.
500 _aIS 5047 : Part 1 : 1969
650 _a Aluminium Alloys
_99111
650 _a Standards 
650 _aNASA Thesaurus 
942 _cBK
999 _c5126
_d5126